| 000 | 00578nam a22002057a 4500 | ||
|---|---|---|---|
| 003 | OSt | ||
| 008 | 251201b |||||||| |||| 00| 0 eng d | ||
| 082 |
_a595.7 _bS11P |
||
| 100 | _aSah, Shyam Babu. | ||
| 245 | _aPopulation Dynamics and Rational Control of Key Insect Pests in Nursery of Shisham (Dalbergia sissoo Robx) | ||
| 260 |
_a.- Pusa, Samastipur _b: RAU _c, 2001 |
||
| 300 | _a36p. | ||
| 650 | _aEntomology and Agricultural Zoology | ||
| 650 | _aNursery | ||
| 650 | _aShisham | ||
| 650 | _aInsect Pests | ||
| 650 | _aThesis | ||
| 650 | _aM. Sc. | ||
| 942 |
_2ddc _cT |
||
| 999 |
_c49267 _d49267 |
||